|
|
|
|
| LEADER |
00000nam0a2200000 4500 |
| 001 |
241484 |
| 005 |
20231101231821.0 |
| 010 |
|
|
|a 9785227043351
|
| 035 |
|
|
|a (RuTPU)RU\TPU\book\262758
|
| 090 |
|
|
|a 241484
|
| 100 |
|
|
|a 20130722d2013 m y0rusy50 ca
|
| 101 |
1 |
|
|a rus
|c eng
|
| 102 |
|
|
|a RU
|
| 105 |
|
|
|a y z 000ay
|
| 200 |
1 |
|
|a Сладкий грех
|e роман
|e пер. с англ.
|f Н. Корник
|
| 210 |
|
|
|a Москва
|c Центрполиграф
|d 2013
|
| 215 |
|
|
|a 315 с.
|
| 225 |
1 |
|
|a Маскарад
|
| 330 |
|
|
|a Лотта Каминз была слишком неосмотрительна, очередным любовным романом она скомпрометировала себя настолько, что ее сказочно богатый муж потребовал развода. Лотта осталась без средств и вынуждена была продавать свою любовь. Но одно дело самой выбирать любовников, и совсем другое -когда выбирают тебя. Лотта отказала всем, мадам пригрозила, что выгонит ее на улицу. Спасение пришло в образе весьма интересного мужчины, к тому же с титулом. Барон Сен-Северин предложил ей щедрое содержание, Лотта подозревала в этом какой-то скрытый подвох, но выбора у нее не было, да и что греха таить — барон ей понравился...
|
| 606 |
1 |
|
|a Английская литература
|2 stltpush
|3 (RuTPU)RU\TPU\subj\29042
|9 52454
|
| 610 |
1 |
|
|a романы
|
| 610 |
1 |
|
|a любовь
|
| 610 |
1 |
|
|a приключения
|
| 675 |
|
|
|a 82
|v 3
|
| 700 |
|
1 |
|a Корник
|b Н.
|g Никола
|
| 801 |
|
1 |
|a RU
|b 63413507
|c 20130722
|
| 801 |
|
2 |
|a RU
|b 63413507
|c 20130723
|g RCR
|
| 942 |
|
|
|c BK
|